000 00305nam a2200121Ia 4500
008 190216s9999||||xx |||||||||||||| ||und||
100 _aAbdul Khadar M S
245 0 _aVishudha Nabiyude Swabhava Mahadhmyam
260 _bAmina Book Stall
_c1987
300 _a304
650 _aIslamic History
942 _cBK
999 _c22285
_d22285